000 00507nam a22001457a 4500
003 macl
005 20180408131026.0
008 180408b xxu||||| |||| 00| 0 eng d
040 _cmacl
100 _aमनोहर पुरी
_920234
245 _aहिंदी पत्रकारिता के विविध आयाम
260 _aनई दिल्‍ली
_bप्रगुन पब्लिकेशन
_c2012
650 _aपत्रकारिता
_936767
942 _2ddc
_cHIN
999 _c57585
_d57585